000 00774nam a22002537a 4500
001 BR8403839
003 BR-BrBNA
005 20230928092004.0
007 ta
008 230509b bl.||||| |||| 00| 0 por d
040 _aBR-BrBNA
_bpor
_cBiblioteca Nacional de Agricultura
041 _a(Por)
072 _aE10
_b/G514
090 _ E10 BR8403839
110 1 _aDelegacia Federal de Agricultura de Pernambuco, Recife (Brasil)
_93056
245 1 _aRelatorio de avaliacao do desempenho fisico e financeiro dos projetos/atividades - terceiro trimestre de 1984 [Brasil]
260 3 _aRecife, PE (Brasil):
_c1984.
300 _a28 p.
500 _a25 tables
650 _aPROJETO AGRICOLA
650 _aORCAMENTO
909 _a202309
_bLucia
_c55
_dLucia Elande
942 _cBK
999 _c36566
_d36566